000
00270nam a2200121 a 4500
005
20141022142006.0
008
080922s19uu xx 00 eng d
050
_a
VCD
_b
N68 1996
245
_a
The nice guy.
650
_a
VCD.
650
_a
The nice guy.
942
_c
AVM
999
_c
276499
_d
276499